Kiran Desai's the inheritance of loss / (Record no. 174540)
[ view plain ]
| 000 -LEADER | |
|---|---|
| fixed length control field | 01289cam a2200385 i 4500 |
| 001 - CONTROL NUMBER | |
| control field | 17947783 |
| 003 - CONTROL NUMBER IDENTIFIER | |
| control field | Nust |
| 005 - DATE AND TIME OF LATEST TRANSACTION | |
| control field | 20180801042602.0 |
| 008 - FIXED-LENGTH DATA ELEMENTS--GENERAL INFORMATION | |
| fixed length control field | 130622s2012 ii b 000 0 eng |
| 010 ## - LIBRARY OF CONGRESS CONTROL NUMBER | |
| LC control number | 2013334337 |
| 020 ## - INTERNATIONAL STANDARD BOOK NUMBER | |
| International Standard Book Number | 9780143102786 |
| Terms of availability | Rs. 696 |
| 025 ## - OVERSEAS ACQUISITION NUMBER | |
| Overseas acquisition number | I-E-2013-334337; 28-90 |
| 035 ## - SYSTEM CONTROL NUMBER | |
| System control number | (IN-NdUBS) 2013334337 |
| 037 ## - SOURCE OF ACQUISITION | |
| Source of stock number/acquisition | Library of Congress -- New Delhi Overseas Office |
| 038 ## - RECORD CONTENT LICENSOR | |
| Staff Name | Arshad |
| 040 ## - CATALOGING SOURCE | |
| Original cataloging agency | DLC |
| Transcribing agency | DLC |
| Description conventions | rda |
| Modifying agency | DLC |
| 042 ## - AUTHENTICATION CODE | |
| Authentication code | lcode |
| 050 00 - LIBRARY OF CONGRESS CALL NUMBER | |
| Classification number | PS3554.E82 |
| Item number | Z736 2012 |
| 082 ## - DEWEY DECIMAL CLASSIFICATION NUMBER | |
| Classification number | 823 |
| Author Mark | DES |
| 245 00 - TITLE STATEMENT | |
| Title | Kiran Desai's the inheritance of loss / |
| Statement of responsibility, etc. | edited with an introduction by Nilanshu Kumar Agarwal. |
| 246 30 - VARYING FORM OF TITLE | |
| Title proper/short title | Inheritance of loss |
| 264 #1 - PRODUCTION, PUBLICATION, DISTRIBUTION, MANUFACTURE, AND COPYRIGHT NOTICE | |
| Place of production, publication, distribution, manufacture | Howrah : |
| Name of producer, publisher, distributor, manufacturer | Roman Books, |
| Date of production, publication, distribution, manufacture, or copyright notice | 2009. |
| 300 ## - PHYSICAL DESCRIPTION | |
| Extent | 324 pages ; |
| Dimensions | 21 cm |
| 336 ## - CONTENT TYPE | |
| Content type term | text |
| Content type code | txt |
| Source | rdacontent |
| 337 ## - MEDIA TYPE | |
| Media type term | unmediated |
| Media type code | n |
| Source | rdamedia |
| 338 ## - CARRIER TYPE | |
| Carrier type term | volume |
| Carrier type code | nc |
| Source | rdacarrier |
| 500 ## - GENERAL NOTE | |
| General note | "Roman Critical Context." |
| 504 ## - BIBLIOGRAPHY, ETC. NOTE | |
| Bibliography, etc. note | Includes bibliographical references. |
| 600 10 - SUBJECT ADDED ENTRY--PERSONAL NAME | |
| Personal name | Desai, Kiran, |
| Dates associated with a name | 1971 |
| Title of a work | Inheritance of loss. |
| 9 (RLIN) | 12187 |
| 600 10 - SUBJECT ADDED ENTRY--PERSONAL NAME | |
| Personal name | Desai, Kiran, |
| Dates associated with a name | 1971 |
| General subdivision | Criticism and interpretation. |
| 9 (RLIN) | 12188 |
| 700 1# - ADDED ENTRY--PERSONAL NAME | |
| Personal name | Agarwal, Nilanshu Kumar, |
| Relator term | editor. |
| 9 (RLIN) | 12189 |
| 906 ## - LOCAL DATA ELEMENT F, LDF (RLIN) | |
| a | 7 |
| b | cbc |
| c | origode |
| d | 3 |
| e | ncip |
| f | 20 |
| g | y-gencatlg |
| 942 ## - ADDED ENTRY ELEMENTS (KOHA) | |
| Source of classification or shelving scheme | |
| Koha item type | Book |
| Withdrawn status | Lost status | Source of classification or shelving scheme | Damaged status | Not for loan | Collection code | Permanent Location | Current Location | Shelving location | Date acquired | Total Checkouts | Total Renewals | Full call number | Barcode | Date last seen | Date last checked out | Copy number | Price effective from | Koha item type |
|---|---|---|---|---|---|---|---|---|---|---|---|---|---|---|---|---|---|---|
| Central Library (CL) | Central Library (CL) | Fiction | 01/31/2017 | 2 | 1 | 823 DES | CL306 | 05/16/2024 | 04/09/2024 | 1 | 01/31/2017 | Book | ||||||
| Central Library (CL) | Central Library (CL) | Fiction | 01/31/2017 | 1 | 823 DES | CL293 | 07/28/2025 | 11/20/2021 | 2 | 01/31/2017 | Book |
